00643 a2200169 4500952015700000999001700157003000400174005001700178008004100195040000900236082001800245100002600263245006900289260006000358300001300418942004200431 00102ddc40708FORaMESbMEScFOR d2022-01-05e41g160.00l3m4o614.17 CRU/Cp41349r2022-10-25 00:00:00s2022-09-20v160.00w2022-01-05yBKzGL51R4 c41400d41400OSt20220103142756.0220103b ||||| |||| 00| 0 eng d coclc a614.17bCRU/C1 98963aCruz, Albert M. a Crime scene intelligence : an experiment in forensic entomology bTne national defence intelligence college press,c2006. a73 pages 2ddccBKh614.17iCRU/Ck614.17mCRU/C